000 00804nam a2200217 4500
001 110108
003 ES-MaACL
005 20250728030708.0
007 t|
008 061121s1981 sp r ||||1| spa d
100 1 _aMojica, Vicente.
_981827
245 1 0 _aLibro de las tribulaciones /
_cVicente Mojica.
260 _aAlicante :
_bConfederación Española de Cajas de Ahorros,
_c1981.
300 _a78 p. :
_bil. ;
_c22 cm.
490 1 _aPublicaciones de la Caja de Ahorros Provincial de Alicante ;
_v79
710 2 _aConfederación Española de Cajas de Ahorros.
_93148
710 2 _aCaja de Ahorros Provincial de Alicante.
_92280
830 0 0 _aPublicaciones de la Caja de Ahorros Provincial de Alicante
_v79
_9186986
852 _aES-MaACL
_jL-940
_bR.101881
999 _c110108
_d110108